书目信息 |
| 题名: |
合同法典型案例与法律适用
|
|
| 作者: | 杨立新 主编 | |
| 分册: | ||
| 出版信息: | 北京 中国法制出版社 2014 |
|
| 页数: | 289页 | |
| 开本: | 24cm | |
| 丛书名: | 民法学说与典型案例研究丛书 | |
| 单 册: | ||
| 中图分类: | D923.65 | |
| 科图分类: | ||
| 主题词: | 合同法--案例--中国 , 合同法--法律适用--中国 , 合同法 , 案例 , 法律适用 | |
| 电子资源: | ||
| ISBN: | 978-7-5093-5196-3 | |
| 000 | 00963nam0 2200301 450 | |
| 001 | 523 | |
| 005 | 20140908085222.54 | |
| 010 | @a978-7-5093-5196-3@dCNY48.00 | |
| 100 | @a20140513d2014 em y0chiy50 ea | |
| 101 | 0 | @achi |
| 102 | @aCN@b110000 | |
| 105 | @ay z 000yy | |
| 106 | @ar | |
| 200 | 1 | @a合同法典型案例与法律适用@AHe Tong Fa Dian Xing An Li Yu Fa Lu^ Shi Yong@f杨立新主编@FYang Li Xin Zhu Bian |
| 210 | @a北京@c中国法制出版社@d2014 | |
| 215 | @a289页@d24cm | |
| 225 | 2 | @a民法学说与典型案例研究丛书 |
| 330 | @a本书精选了40个合同法典型案例,分析了典型案例中的疑难问题,提供了相关法律法规司法解释的条文。 | |
| 461 | 0 | @12001 @a民法学说与典型案例研究丛书 |
| 606 | 0 | @a合同法@x案例@y中国 |
| 606 | 0 | @a合同法@x法律适用@y中国 |
| 606 | 0 | @a合同法 |
| 606 | 0 | @a案例 |
| 606 | 0 | @a法律适用 |
| 690 | @aD923.65@v5 | |
| 701 | 0 | @a杨立新@AYang Li Xin@f(1952~)@4主编 |
| 801 | 0 | @aCN@bTANGWEI@c20140603 |
| 905 | @b0840905-07@dD923.65@e1212@f3 | |
| 合同法典型案例与法律适用/杨立新主编.-北京:中国法制出版社,2014 |
| 289页;24cm.-(民法学说与典型案例研究丛书) |
| ISBN 978-7-5093-5196-3:CNY48.00 |
| 本书精选了40个合同法典型案例,分析了典型案例中的疑难问题,提供了相关法律法规司法解释的条文。 |
| ● |
| 相关链接 |
|
|
|
|
正题名:合同法典型案例与法律适用
索取号:D923.65/1212
 
预约/预借
| 序号 | 登录号 | 条形码 | 馆藏地/架位号 | 状态 | 备注 |
| 1 | 0840905 | 208409051 | 第一样本阅览室/ [索取号:D923.65/1212] | 在馆 | |
| 2 | 0840906 | 208409060 | 史法系资料室/ [索取号:D923.65/1212] | 在馆 | |
| 3 | 0840907 | 208409079 | 第一借阅区/ [索取号:D923.65/1212] | 在馆 |